000 00659nam a2200229Ia 4500
003 OSt
005 20220928104005.0
006 a|||||r|||| 00| 0
007 ta
008 220927b |||||||| |||| 00| 0 eng d
024 _a62947
037 _cTextual
040 _aSDCL
_cSDCL
_beng
041 _2eng
_aeng
082 _aO152,1I00:g(R66), M2
100 _aShastri Sdananad
_9407999
245 0 _aHindi Kavi Kabir sidhantasyadvaita vedantena saha samyam.
260 _aChowk
_bVisva Vidyalava Prakasan
_c1982
300 _a253p.
_ccm.
942 _hO152,1I00:g(R66), M2
_cTEXL
_2CC
999 _c723507
_d723507